[Event "5. ODEM U25 2008"]
[Site "Willingen GER"]
[Date "2008.05.17"]
[Round "9"]
[White "Reichert, Manuel"]
[Black "Koksch, Florian"]
[Result "1/2-1/2"]
[Termination "normal"]
[Board "24"]
[WhiteElo "1946"]
[BlackElo "1866"]
[PlyCount "56"]
[WhiteFideId "24674028"]
[BlackFideId "24613584"]
[EventCountry "GER"]
[EventRounds "9"]
[EventType "swiss"]
[EventDate "2008.05.10"]

1. d4 d5 2. c4 e6 3. Nc3 Nf6 4. cxd5 exd5 5. Bg5 Nbd7 6. e3 Be7 7. Bd3 c6 8.
Qc2 O-O 9. Nf3 Re8 10. O-O Nf8 11. Rab1 Ne4 12. Bxe7 Qxe7 13. b4 a6 14. a4 Bf5
15. b5 axb5 16. axb5 Nxc3 17. Qxc3 Ra3 18. Rb3 Rxb3 19. Qxb3 Bxd3 20. Qxd3 f6
21. bxc6 bxc6 22. Qa6 Qc7 23. Rc1 Rb8 24. g3 Rb6 25. Qa2 Qb7 26. Qa4 Rb1 27.
Rxb1 Qxb1+ 28. Kg2 Qb5 1/2-1/2

[Event "5. ODEM U25 2008"]
[Site "Willingen GER"]
[Date "2008.05.17"]
[Round "9"]
[White "Kahleys, Kevin"]
[Black "Paulus, Jeffrey"]
[Result "1/2-1/2"]
[Termination "normal"]
[Board "25"]
[WhiteElo "1955"]
[BlackElo "1674"]
[PlyCount "35"]
[WhiteFideId "24669601"]
[BlackFideId "24692468"]
[EventCountry "GER"]
[EventRounds "9"]
[EventType "swiss"]
[EventDate "2008.05.10"]

1. d4 d5 2. c4 c6 3. Nf3 Nf6 4. Nc3 dxc4 5. a4 Bf5 6. e3 e6 7. Bxc4 Bb4 8. Qb3
Qe7 9. Bd2 O-O 10. O-O a5 11. Ne2 Na6 12. Bxb4 Nxb4 13. Ng3 Bc2 14. Qc3 Nfd5
15. Qd2 Nb6 16. b3 Bg6 17. Ne5 Qf6 18. Rac1 1/2-1/2

[Event "5. ODEM U25 2008"]
[Site "Willingen GER"]
[Date "2008.05.17"]
[Round "9"]
[White "Melzer, Marcel"]
[Black "Fernschild, Daniel"]
[Result "1/2-1/2"]
[Termination "normal"]
[Board "26"]
[WhiteElo "1745"]
[BlackElo "1877"]
[PlyCount "35"]
[WhiteFideId "24671886"]
[BlackFideId "4624513"]
[EventCountry "GER"]
[EventRounds "9"]
[EventType "swiss"]
[EventDate "2008.05.10"]

1. d4 e6 2. c4 Nf6 3. Nc3 Bb4 4. Qc2 b6 5. Nf3 Bb7 6. Bg5 O-O 7. e3 c5 8. dxc5
Bxc5 9. Bd3 h6 10. Bh4 Na6 11. a3 Be7 12. O-O Rc8 13. Rfd1 d5 14. cxd5 Nxd5 15.
Bxe7 Qxe7 16. Bxa6 Bxa6 17. Nxd5 exd5 18. Qd2 1/2-1/2

[Event "5. ODEM U25 2008"]
[Site "Willingen GER"]
[Date "2008.05.17"]
[Round "9"]
[White "Plank, Michael"]
[Black "Gerntke, Oliver"]
[Result "1/2-1/2"]
[Termination "normal"]
[Board "27"]
[WhiteElo "1741"]
[BlackElo "1796"]
[PlyCount "96"]
[WhiteFideId "4671716"]
[BlackFideId "24647977"]
[EventCountry "GER"]
[EventRounds "9"]
[EventType "swiss"]
[EventDate "2008.05.10"]

1. d4 Nf6 2. c4 e6 3. Nf3 b6 4. g3 Bb7 5. Bg2 Bb4+ 6. Bd2 c5 7. Bxb4 cxb4 8.
O-O O-O 9. Nbd2 d5 10. e3 Qe7 11. Rc1 Na6 12. cxd5 Nxd5 13. Ne5 Rac8 14. Qg4
Nb8 15. h4 Nd7 16. Nxd7 Qxd7 17. Qe2 Rc7 18. Nf3 Rfc8 19. Qd2 a5 20. Ne5 Qe7
21. Rfd1 h6 22. Nd3 Ba6 23. Bxd5 exd5 24. Nf4 Qd6 25. Rxc7 Rxc7 26. Rc1 Rxc1+
27. Qxc1 g5 28. Ng2 Qd7 29. Qc2 Qc8 30. Qd2 Qc6 31. Qd1 Bc8 32. hxg5 hxg5 33.
Qf3 Qe6 34. Qe2 Qh6 35. Qf3 Qe6 36. Qe2 Qe4 37. Qh5 Qb1+ 38. Ne1 Qf5 39. Qe2
Qe6 40. Qf3 Kg7 41. Nd3 f6 42. Qe2 Qg4 43. Qxg4 Bxg4 44. Kg2 Bf5 45. Nc1 a4 46.
b3 b5 47. f3 Bc2 48. g4 Kg6 1/2-1/2

[Event "5. ODEM U25 2008"]
[Site "Willingen GER"]
[Date "2008.05.17"]
[Round "9"]
[White "Bergner, Philipp"]
[Black "Bauer, Hermann"]
[Result "1/2-1/2"]
[Termination "normal"]
[Board "28"]
[WhiteElo "1749"]
[BlackElo "1549"]
[PlyCount "21"]
[WhiteFideId "24664839"]
[BlackFideId "24601730"]
[EventCountry "GER"]
[EventRounds "9"]
[EventType "swiss"]
[EventDate "2008.05.10"]

1. d4 f5 2. g3 Nf6 3. Bg2 e6 4. c4 g6 5. Nc3 Bg7 6. Nf3 d6 7. O-O O-O 8. Qc2 a5
9. a3 h6 10. h4 Qe8 11. Bd2 1/2-1/2

[Event "5. ODEM U25 2008"]
[Site "Willingen GER"]
[Date "2008.05.17"]
[Round "9"]
[White "Müller, Johannes"]
[Black "Zuferi, Enis"]
[Result "1/2-1/2"]
[Termination "normal"]
[Board "29"]
[WhiteElo "1719"]
[BlackElo "1462"]
[PlyCount "67"]
[WhiteFideId "24602191"]
[BlackFideId "24692530"]
[EventCountry "GER"]
[EventRounds "9"]
[EventType "swiss"]
[EventDate "2008.05.10"]

1. e4 d5 2. exd5 Nf6 3. Nc3 Nxd5 4. Nxd5 Qxd5 5. Nf3 Bg4 6. Be2 e6 7. d4 Be7 8.
O-O O-O 9. h3 Bh5 10. c4 Qd8 11. b3 Bf6 12. Bb2 Nc6 13. Rb1 Bg6 14. Bd3 Bxd3
15. Qxd3 a5 16. a3 Ne7 17. Rfd1 c6 18. Ne5 Ng6 19. Nxg6 hxg6 20. d5 cxd5 21.
cxd5 exd5 22. Bxf6 Qxf6 23. Qxd5 b6 24. Qb5 Rfd8 25. a4 Rxd1+ 26. Rxd1 Rd8 27.
Rxd8+ Qxd8 28. Qc4 Qd1+ 29. Kh2 Qd6+ 30. g3 Kf8 31. Kg2 Ke7 32. Qe4+ Kd7 33.
Qb7+ Ke6 34. Qe4+ 1/2-1/2

[Event "5. ODEM U25 2008"]
[Site "Willingen GER"]
[Date "2008.05.17"]
[Round "9"]
[White "Nitze, Florian"]
[Black "Maßloch, Philipp"]
[Result "1-0"]
[Termination "normal"]
[Board "30"]
[WhiteElo "1530"]
[BlackElo "1585"]
[PlyCount "59"]
[WhiteFideId "24603902"]
[BlackFideId "24692476"]
[EventCountry "GER"]
[EventRounds "9"]
[EventType "swiss"]
[EventDate "2008.05.10"]

1. d4 Nf6 2. c4 c5 3. d5 e6 4. Nc3 exd5 5. cxd5 d6 6. e4 g6 7. Bd3 Bg7 8. Nge2
O-O 9. Bf4 a6 10. Qd2 b5 11. f3 Re8 12. g4 Qb6 13. h4 Nbd7 14. Ng3 Ne5 15. Bxe5
Rxe5 16. g5 Nd7 17. h5 Bb7 18. hxg6 fxg6 19. O-O-O c4 20. Bc2 b4 21. Na4 c3 22.
Qf4 cxb2+ 23. Kb1 Qc7 24. Rh2 Rc8 25. Nxb2 Qc3 26. Na4 Qa1+ 27. Kxa1 Rxe4+ 28.
Qf6 Bxf6+ 29. gxf6 Rf4 30. Ne4 1-0

[Event "5. ODEM U25 2008"]
[Site "Willingen GER"]
[Date "2008.05.17"]
[Round "9"]
[White "Schirra, Felix"]
[Black "Klebanov, Andrej"]
[Result "0-1"]
[Termination "normal"]
[Board "31"]
[WhiteElo "1197"]
[BlackElo "1850"]
[PlyCount "80"]
[WhiteFideId "24692662"]
[BlackFideId "24669989"]
[EventCountry "GER"]
[EventRounds "9"]
[EventType "swiss"]
[EventDate "2008.05.10"]

1. e4 e6 2. d4 d5 3. exd5 exd5 4. Bd3 Nf6 5. Nf3 Bd6 6. Bg5 O-O 7. O-O Bg4 8.
Nbd2 Nbd7 9. c3 h6 10. Bh4 c6 11. Qc2 Qc7 12. Rfe1 Rfe8 13. h3 Bh5 14. Bxf6
Bxf3 15. Nxf3 Nxf6 16. Re2 Rxe2 17. Bxe2 Re8 18. Re1 c5 19. Bd3 Rxe1+ 20. Nxe1
c4 21. Be2 b5 22. a3 a5 23. b4 axb4 24. axb4 Qe7 25. Nf3 Qe4 26. Qa2 Qf4 27.
Qd2 Ne4 28. Qc2 g5 29. g3 Nxg3 30. fxg3 Qxg3+ 31. Kh1 Qxh3+ 32. Kg1 Qg3+ 33.
Kf1 Qh3+ 34. Kg1 Bf4 35. Bd1 Be3+ 36. Qf2 Qg3+ 37. Kh1 Bxf2 38. Be2 g4 39. Bxc4
gxf3 40. Bxd5 Qh4# 0-1

[Event "5. ODEM U25 2008"]
[Site "Willingen GER"]
[Date "2008.05.17"]
[Round "9"]
[White "Billing, Alexander"]
[Black "Janiesch, Maike"]
[Result "1/2-1/2"]
[Termination "normal"]
[Board "32"]
[WhiteElo "1875"]
[BlackElo "1698"]
[PlyCount "36"]
[WhiteFideId "24624420"]
[EventCountry "GER"]
[EventRounds "9"]
[EventType "swiss"]
[EventDate "2008.05.10"]

1. e4 d5 2. exd5 Qxd5 3. Nc3 Qa5 4. d4 c6 5. Bd2 Qc7 6. Bc4 Nf6 7. Nge2 Bf5 8.
Bf4 Qa5 9. O-O Nbd7 10. d5 cxd5 11. Nxd5 Rc8 12. Nxf6+ Nxf6 13. Bb3 e6 14. Qd4
Bc5 15. Qa4+ Qxa4 16. Bxa4+ Ke7 17. Rad1 Rhd8 18. Ng3 Bg6 1/2-1/2

[Event "5. ODEM U25 2008"]
[Site "Willingen GER"]
[Date "2008.05.17"]
[Round "9"]
[White "Kostka, Daniel"]
[Black "Thanabalasingam, Ajandhan"]
[Result "0-1"]
[Termination "normal"]
[Board "34"]
[WhiteElo "1572"]
[BlackElo "1723"]
[PlyCount "102"]
[BlackFideId "24601659"]
[EventCountry "GER"]
[EventRounds "9"]
[EventType "swiss"]
[EventDate "2008.05.10"]

1. e4 c5 2. Nf3 d6 3. d4 cxd4 4. Nxd4 Nf6 5. Nc3 a6 6. Bd3 e5 7. Nb3 Be6 8. Be3
Be7 9. f3 Nbd7 10. Qe2 O-O 11. Bc4 Rc8 12. Bxe6 fxe6 13. O-O-O b5 14. Rd2 Nb6
15. Bxb6 Qxb6 16. Qf2 Qxf2 17. Rxf2 b4 18. Nd1 Bd8 19. Re1 a5 20. Nd2 Bb6 21.
Rfe2 a4 22. b3 axb3 23. axb3 Bd4 24. Nc4 Rc6 25. Ndb2 Nd7 26. Na4 Ra8 27. Ncb2
Nc5 28. Kb1 Bc3 29. Rd1 Rca6 30. Re3 Bd4 31. Re2 d5 32. exd5 exd5 33. Red2 h6
34. g3 Kh7 35. Rxd4 exd4 36. Rxd4 Nxa4 37. Nxa4 Re6 38. Rxb4 Re2 39. Nb6 Rf8
40. f4 Rxh2 41. Nxd5 Rg2 42. Rb7 Rxg3 43. c4 h5 44. c5 h4 45. c6 h3 46. c7 h2
47. Nf6+ Rxf6 48. c8=Q h1=Q+ 49. Kb2 Qh2+ 50. Ka3 Ra6+ 51. Kb4 Qd2+ 0-1

[Event "5. ODEM U25 2008"]
[Site "Willingen GER"]
[Date "2008.05.17"]
[Round "9"]
[White "Drewes, Carina"]
[Black "Popp, Maximilian"]
[Result "0-1"]
[Termination "normal"]
[Board "35"]
[WhiteElo "1676"]
[BlackElo "1560"]
[PlyCount "44"]
[WhiteFideId "24600296"]
[BlackFideId "24673668"]
[EventCountry "GER"]
[EventRounds "9"]
[EventType "swiss"]
[EventDate "2008.05.10"]

1. d4 Nf6 2. Nf3 c5 3. c3 e6 4. Bf4 Nc6 5. h3 Qb6 6. b3 cxd4 7. cxd4 Bb4+ 8.
Bd2 Nxd4 9. e3 Nxf3+ 10. Qxf3 Bxd2+ 11. Nxd2 d5 12. Bd3 O-O 13. O-O Bd7 14.
Rfe1 Bb5 15. Bc2 Rac8 16. Rec1 Qa5 17. Nf1 Rc6 18. Ng3 Rfc8 19. a4 Rxc2 20.
Rxc2 Rxc2 21. Qd1 Rd2 22. Qc1 Bc6 0-1

[Event "5. ODEM U25 2008"]
[Site "Willingen GER"]
[Date "2008.05.17"]
[Round "9"]
[White "Kinzel, Franziska"]
[Black "George, Tom"]
[Result "1/2-1/2"]
[Termination "normal"]
[Board "36"]
[WhiteElo "1526"]
[BlackElo "1669"]
[PlyCount "28"]
[BlackFideId "24659487"]
[EventCountry "GER"]
[EventRounds "9"]
[EventType "swiss"]
[EventDate "2008.05.10"]

1. e4 e5 2. Nf3 Nc6 3. Bc4 Bc5 4. Nc3 d6 5. O-O Bg4 6. Be2 Nf6 7. d3 h6 8. h3
Bh5 9. Be3 Bb6 10. Nd5 Nxd5 11. exd5 Ne7 12. c4 O-O 13. b3 Nf5 14. Bxb6 axb6
1/2-1/2

[Event "5. ODEM U25 2008"]
[Site "Willingen GER"]
[Date "2008.05.17"]
[Round "9"]
[White "Häcker, Katrin"]
[Black "Meiser, Michael"]
[Result "0-1"]
[Termination "normal"]
[Board "37"]
[WhiteElo "1663"]
[BlackElo "1490"]
[PlyCount "106"]
[WhiteFideId "24667986"]
[BlackFideId "24659762"]
[EventCountry "GER"]
[EventRounds "9"]
[EventType "swiss"]
[EventDate "2008.05.10"]

1. e4 c5 2. Nf3 Nc6 3. d4 cxd4 4. Nxd4 g6 5. Nc3 Bg7 6. Be3 Nf6 7. Be2 O-O 8.
O-O d5 9. Nxc6 bxc6 10. Bf3 Qa5 11. exd5 cxd5 12. Nxd5 Nxd5 13. Qxd5 Qxd5 14.
Bxd5 Rb8 15. Rab1 Bf5 16. Bxa7 Rxb2 17. Rxb2 Bxb2 18. Re1 Rd8 19. Bb3 Bc3 20.
Rc1 Kg7 21. Kf1 Rc8 22. Ke2 Bb2 23. Rb1 Ba3 24. Bd4+ f6 25. Kd2 Bb4+ 26. Ke3 e5
27. Ba1 Bc5+ 28. Kf3 h5 29. Ba4 Bg4+ 30. Kg3 Bd6 31. Rb6 Bc7 32. Rb7 e4+ 33. f4
exf3+ 34. Kf2 fxg2 35. Kxg2 Kh6 36. Bxf6 Bf5 37. Rb2 Rf8 38. Bd4 Rd8 39. Be3+
g5 40. h4 Be4+ 41. Kf2 Rf8+ 42. Ke2 Bf3+ 43. Kd3 Rd8+ 44. Kc3 Be5+ 45. Kb3 Rb8+
46. Kc4 Rxb2 47. Bxg5+ Kg6 48. Bb3 Rb1 49. Kd3 Bf6 50. Ke3 Bxg5+ 51. hxg5 Bg4
52. Kf4 Rf1+ 53. Kg3 Kxg5 0-1

[Event "5. ODEM U25 2008"]
[Site "Willingen GER"]
[Date "2008.05.17"]
[Round "9"]
[White "Schneider, Johannes"]
[Black "Gheng, Hannelore"]
[Result "1/2-1/2"]
[Termination "normal"]
[Board "38"]
[WhiteElo "1645"]
[BlackElo "1439"]
[PlyCount "67"]
[WhiteFideId "24687260"]
[EventCountry "GER"]
[EventRounds "9"]
[EventType "swiss"]
[EventDate "2008.05.10"]

1. d4 d5 2. c4 e6 3. Nc3 Nf6 4. Nf3 c5 5. dxc5 Bxc5 6. cxd5 exd5 7. Bg5 Qb6 8.
e3 Ne4 9. Qxd5 Nxg5 10. Nxg5 O-O 11. Bc4 Qxb2 12. O-O Qxc3 13. Nxf7 Qf6 14.
Nh6+ Kh8 15. Nf7+ Qxf7 16. Qxf7 Rxf7 17. Bxf7 Nc6 18. Rad1 b6 19. Rd5 Ba6 20.
Rfd1 Rf8 21. Rd7 Bb5 22. Bb3 a6 23. Rc7 Ne5 24. a4 Be2 25. Rd2 Bd3 26. Bc2 Bxe3
27. Rxd3 Bxf2+ 28. Kh1 Nxd3 29. Bxd3 a5 30. h3 Bg3 31. Rc1 Rd8 32. Bb5 g5 33.
Be2 Rd2 34. Bb5 1/2-1/2

[Event "5. ODEM U25 2008"]
[Site "Willingen GER"]
[Date "2008.05.17"]
[Round "9"]
[White "Carow, Annelen"]
[Black "Neitzel, Mirko"]
[Result "1/2-1/2"]
[Termination "normal"]
[Board "39"]
[WhiteElo "1542"]
[BlackElo "1720"]
[PlyCount "78"]
[WhiteFideId "24692492"]
[BlackFideId "24657298"]
[EventCountry "GER"]
[EventRounds "9"]
[EventType "swiss"]
[EventDate "2008.05.10"]

1. d4 Nf6 2. c4 g6 3. Nc3 Bg7 4. e4 d6 5. f3 O-O 6. Be3 e5 7. Nge2 Nc6 8. d5
Ne7 9. g4 c6 10. Qd2 cxd5 11. cxd5 a6 12. Ng3 b5 13. O-O-O Bd7 14. Kb1 Nc8 15.
h4 Nb6 16. Rc1 Nc4 17. Bxc4 bxc4 18. h5 a5 19. hxg6 fxg6 20. Qh2 Kf7 21. g5 Ne8
22. f4 Rh8 23. Rhf1 exf4 24. Bxf4 Ke7 25. Qe2 Qc7 26. e5 dxe5 27. Rce1 Kd8 28.
Bxe5 Bxe5 29. Qxe5 Qxe5 30. Rxe5 Nd6 31. Nge4 Bf5 32. Kc1 Nxe4 33. Nxe4 Bxe4
34. Rxe4 Rc8 35. Rf7 Rc7 36. Rxc7 Kxc7 37. Rxc4+ Kd6 38. Kd2 Rb8 39. Kc3 Kxd5
1/2-1/2

[Event "5. ODEM U25 2008"]
[Site "Willingen GER"]
[Date "2008.05.17"]
[Round "9"]
[White "Voss, Mathieu"]
[Black "Durmisi, Valon"]
[Result "0-1"]
[Termination "normal"]
[Board "40"]
[WhiteElo "1452"]
[BlackElo "1689"]
[PlyCount "104"]
[EventCountry "GER"]
[EventRounds "9"]
[EventType "swiss"]
[EventDate "2008.05.10"]

1. e4 Nf6 2. Nc3 d6 3. Bc4 g6 4. d3 Bg7 5. Bf4 Nc6 6. Qc1 Nd4 7. Nge2 Nxe2 8.
Nxe2 c6 9. O-O Qb6 10. Be3 Qc7 11. Bh6 O-O 12. Bxg7 Kxg7 13. Kh1 e6 14. Bb3 d5
15. exd5 cxd5 16. Ng3 b5 17. c4 bxc4 18. dxc4 dxc4 19. Qxc4 Qxc4 20. Bxc4 Rd8
21. Rfd1 Bb7 22. b4 Nd5 23. b5 Nf4 24. f3 Rac8 25. Rac1 Rxd1+ 26. Rxd1 Rxc4 27.
Nf1 Rc2 28. Rd7 Bd5 29. h3 Rxa2 30. Ne3 h5 31. Rd8 Re2 32. Nxd5 Nxd5 33. Ra8
Ra2 34. h4 Ra5 35. Kh2 Nc7 36. b6 axb6 37. Rb8 b5 38. Kg3 Nd5 39. Kf2 Ra2+ 40.
Kf1 b4 41. g3 Ra6 42. Ke2 Rb6 43. Rxb6 Nxb6 44. Kd3 Nd5 45. Kc4 Kf6 46. Kd4 g5
47. hxg5+ Kxg5 48. Ke4 f5+ 49. Kd4 h4 50. gxh4+ Kxh4 51. Kd3 Kg3 52. Ke2 f4 0-1

[Event "5. ODEM U25 2008"]
[Site "Willingen GER"]
[Date "2008.05.17"]
[Round "9"]
[White "Münch, Marlene"]
[Black "Biebinger, Eva"]
[Result "1-0"]
[Termination "normal"]
[Board "41"]
[WhiteElo "1674"]
[BlackElo "1429"]
[PlyCount "101"]
[WhiteFideId "24639222"]
[EventCountry "GER"]
[EventRounds "9"]
[EventType "swiss"]
[EventDate "2008.05.10"]

1. d4 Nf6 2. c4 e6 3. Nc3 d5 4. cxd5 Nxd5 5. e4 Nxc3 6. bxc3 Nc6 7. Bd3 Be7 8.
e5 b6 9. Be4 Bb7 10. Qg4 g6 11. Qf3 Qd7 12. Nh3 O-O 13. Bh6 f5 14. Bxc6 Bxc6
15. Qg3 Rf7 16. Nf4 Bf8 17. Bg5 Be7 18. h4 Bxg5 19. Qxg5 Qe7 20. Qg3 Rg7 21.
Nh3 Rf8 22. f3 Qa3 23. f4 Qb2 24. O-O h6 25. Qf2 Qa3 26. Qc2 Qe7 27. g3 Be4 28.
Qa4 c5 29. Rfc1 Qb7 30. Nf2 Bc6 31. Qb3 Bd5 32. c4 Bc6 33. dxc5 g5 34. fxg5
hxg5 35. h5 Rh7 36. cxb6 Rxh5 37. c5 Bh1 38. Qxe6+ Kh7 39. c6 Qxb6 40. Rab1 Qe3
41. Qb3 Qxb3 42. Rxb3 Bd5 43. Ra3 Rc8 44. Rxa7+ Kh8 45. c7 Rh7 46. Rc5 Be6 47.
Nd1 Rd7 48. Nc3 Kg7 49. Nb5 Rd1+ 50. Kf2 Rh8 51. c8=Q+ 1-0

[Event "5. ODEM U25 2008"]
[Site "Willingen GER"]
[Date "2008.05.17"]
[Round "9"]
[White "Kempe, Markus"]
[Black "Haase, Sebastian"]
[Result "1/2-1/2"]
[Termination "normal"]
[Board "42"]
[WhiteElo "1243"]
[BlackElo "1627"]
[PlyCount "49"]
[WhiteFideId "24692638"]
[EventCountry "GER"]
[EventRounds "9"]
[EventType "swiss"]
[EventDate "2008.05.10"]

1. e4 c5 2. Nf3 Nc6 3. d4 cxd4 4. Nxd4 e6 5. Nc3 a6 6. Be3 Nf6 7. Bc4 Bb4 8. f3
Qb6 9. Qd2 Bc5 10. Na4 Qb4 11. Nxc5 Qxc4 12. Ncb3 d5 13. exd5 Qxd5 14. O-O-O
O-O 15. h4 b5 16. h5 Ne5 17. h6 g6 18. Bg5 Nc4 19. Qf4 Nd7 20. Nxb5 Qe5 21.
Qxe5 Ndxe5 22. Be7 axb5 23. Bxf8 Kxf8 24. Rd8+ Ke7 25. Rh8 1/2-1/2

[Event "5. ODEM U25 2008"]
[Site "Willingen GER"]
[Date "2008.05.17"]
[Round "9"]
[White "Preiß, Vincent"]
[Black "Neumair, Dorian"]
[Result "1-0"]
[Termination "normal"]
[Board "43"]
[WhiteElo "1580"]
[BlackElo "1184"]
[PlyCount "87"]
[WhiteFideId "24660850"]
[EventCountry "GER"]
[EventRounds "9"]
[EventType "swiss"]
[EventDate "2008.05.10"]

1. d4 d5 2. c4 e6 3. Nc3 c6 4. Nf3 Bb4 5. Bd2 Nf6 6. e3 O-O 7. cxd5 cxd5 8. Bd3
a6 9. Qc2 Nc6 10. O-O Re8 11. e4 dxe4 12. Nxe4 Nxe4 13. Bxe4 Bxd2 14. Qxd2 Ne7
15. Rac1 Rb8 16. Rfe1 Bd7 17. Rc5 Ng6 18. Rh5 f5 19. Bd3 h6 20. g4 Qf6 21. g5
Qf8 22. gxh6 gxh6 23. Rxh6 Qg7 24. Kh1 Bc6 25. Be2 Rbd8 26. Rxg6 Qxg6 27. Rg1
Qxg1+ 28. Kxg1 Bxf3 29. Bxf3 b5 30. Qg5+ Kh7 31. Qh5+ Kg7 32. Qh4 Rg8 33. Qe7+
Kh6+ 34. Kf1 Rde8 35. Qf6+ Kh7 36. Bh5 Rc8 37. Qxe6 Rc1+ 38. Ke2 Rc2+ 39. Ke3
Rcc8 40. Qxf5+ Kh6 41. Bf7 Rcf8 42. Qh5+ Kg7 43. Qg6+ Kh8 44. Qh6# 1-0

[Event "5. ODEM U25 2008"]
[Site "Willingen GER"]
[Date "2008.05.17"]
[Round "9"]
[White "Arnold, Sebastian"]
[Black "Laqua, Stefan"]
[Result "1-0"]
[Termination "normal"]
[Board "46"]
[WhiteElo "1366"]
[BlackElo "1684"]
[PlyCount "69"]
[WhiteFideId "24692603"]
[BlackFideId "4674634"]
[EventCountry "GER"]
[EventRounds "9"]
[EventType "swiss"]
[EventDate "2008.05.10"]

1. e4 e6 2. d4 d5 3. e5 c5 4. c3 Qb6 5. Nf3 Nc6 6. a3 cxd4 7. cxd4 Nge7 8. b4
Nf5 9. Be3 Be7 10. Bd3 Bd7 11. Bxf5 exf5 12. O-O O-O 13. Nbd2 a5 14. bxa5 Rxa5
15. a4 Rfa8 16. Qc2 Nb4 17. Qb2 Rxa4 18. Rab1 Qa6 19. Nb3 Ra2 20. Qc1 Nd3 21.
Qc7 Qc6 22. Qxc6 Bxc6 23. Nc1 Nb2 24. Nxa2 Rxa2 25. Ra1 Rxa1 26. Rxa1 h6 27.
Rb1 Na4 28. Bd2 Ba3 29. h3 Bb2 30. Be3 b5 31. Ne1 Bc3 32. Nd3 g5 33. g3 Be8 34.
f4 Nb6 35. Nb4 1-0

[Event "5. ODEM U25 2008"]
[Site "Willingen GER"]
[Date "2008.05.17"]
[Round "9"]
[White "Kuckling, Linus"]
[Black "Berger, Manuel"]
[Result "0-1"]
[Termination "normal"]
[Board "47"]
[WhiteElo "1181"]
[BlackElo "1541"]
[PlyCount "72"]
[WhiteFideId "24658243"]
[BlackFideId "24692506"]
[EventCountry "GER"]
[EventRounds "9"]
[EventType "swiss"]
[EventDate "2008.05.10"]

1. e4 c5 2. Nf3 a6 3. Bc4 g6 4. d4 cxd4 5. Nxd4 Bg7 6. O-O e6 7. Nc3 b5 8. Be2
Ne7 9. Bg5 h6 10. Bh4 O-O 11. Bf3 d6 12. Re1 Bb7 13. e5 d5 14. Qd2 Nd7 15. Bf6
g5 16. Bxg7 Kxg7 17. Bh5 Ng6 18. Bxg6 Kxg6 19. h3 Qc7 20. Nf3 Rac8 21. Rac1 Nc5
22. Nd4 Ne4 23. Nxe4 dxe4 24. f3 Qxe5 25. fxe4 Qc5 26. Qf2 Qe5 27. c3 Rc7 28.
Nf3 Qf6 29. Rf1 Kg7 30. Nd2 Qxf2+ 31. Rxf2 b4 32. Rff1 Rd8 33. Rfd1 bxc3 34.
Rxc3 Rxc3 35. bxc3 Bxe4 36. g3 Bc2 0-1

[Event "5. ODEM U25 2008"]
[Site "Willingen GER"]
[Date "2008.05.17"]
[Round "9"]
[White "Briese, Annika"]
[Black "Hansch, Stephan"]
[Result "0-1"]
[Termination "normal"]
[Board "48"]
[WhiteElo "1289"]
[BlackElo "1515"]
[PlyCount "104"]
[EventCountry "GER"]
[EventRounds "9"]
[EventType "swiss"]
[EventDate "2008.05.10"]

1. e4 d6 2. d4 g6 3. Nf3 Bg7 4. Bc4 Nf6 5. Nc3 O-O 6. O-O Nbd7 7. Bf4 Nh5 8.
Be3 e5 9. Qd2 b6 10. Bh6 Bxh6 11. Qxh6 exd4 12. Nxd4 Ne5 13. Bd5 Rb8 14. Qd2
Bd7 15. Ndb5 Bxb5 16. Nxb5 c6 17. f4 cxb5 18. fxe5 dxe5 19. Rad1 Rc8 20. Bxf7+
Kg7 21. Qxd8 Rcxd8 22. Rxd8 Rxd8 23. Bd5 Nf6 24. Bc6 b4 25. h3 Rd4 26. Re1 Rc4
27. Ba4 Rxe4 28. Rxe4 Nxe4 29. Bc6 Nc5 30. Kf2 Kf6 31. Ke3 Kf5 32. Bd5 Na4 33.
b3 Nc3 34. Bg8 h6 35. Kd3 Nxa2 36. Kc4 a6 37. Kd5 b5 38. Be6+ Kf4 39. Bc8 e4
40. Bxa6 e3 41. g3+ Kxg3 42. Bxb5 Nc3+ 43. Kd4 Nxb5+ 44. Kxe3 Kxh3 45. Kd3 Na3
46. c3 bxc3 47. Kxc3 g5 48. Kb4 g4 49. Kxa3 g3 50. b4 g2 51. b5 g1=Q 52. b6
Qxb6 0-1

[Event "5. ODEM U25 2008"]
[Site "Willingen GER"]
[Date "2008.05.17"]
[Round "9"]
[White "Zhou, Wile"]
[Black "Brand, Benedikt"]
[Result "1-0"]
[Termination "normal"]
[Board "49"]
[WhiteElo "1512"]
[BlackElo "1314"]
[PlyCount "83"]
[WhiteFideId "4695674"]
[BlackFideId "24683744"]
[EventCountry "GER"]
[EventRounds "9"]
[EventType "swiss"]
[EventDate "2008.05.10"]

1. e4 e5 2. Nf3 Nf6 3. Nc3 d6 4. d4 exd4 5. Nxd4 d5 6. e5 Ne4 7. Nxe4 dxe4 8.
Bf4 Qe7 9. c3 g6 10. Qb3 Bg7 11. Bc4 O-O 12. e6 Bxd4 13. exf7+ Kg7 14. cxd4 Nc6
15. O-O h5 16. Qe3 Kh7 17. Bh6 Rxf7 18. Bxf7 Qxf7 19. Bf4 Bf5 20. a3 Rd8 21.
Be5 Qe7 22. h3 Nxe5 23. dxe5 Qxe5 24. Rad1 Re8 25. Qd4 Qf4 26. Qe3 Qe5 27. Rd2
Qf6 28. Qc3 Qg5 29. Qxc7+ Re7 30. Qc3 Bxh3 31. f4 Qg4 32. Qxh3 Qxh3 33. gxh3
Kg7 34. Re1 Kf6 35. Kf2 Kf5 36. Ke3 a6 37. Red1 Kf6 38. Rd6+ Kf7 39. Rd7 Kf6
40. R1d6+ Kf7 41. Rxe7+ Kxe7 42. Rxg6 1-0

[Event "5. ODEM U25 2008"]
[Site "Willingen GER"]
[Date "2008.05.17"]
[Round "9"]
[White "Hauffen, Kai"]
[Black "Reiser, Marck"]
[Result "1-0"]
[Termination "normal"]
[Board "50"]
[WhiteElo "1454"]
[BlackElo "1294"]
[PlyCount "37"]
[BlackFideId "24684678"]
[EventCountry "GER"]
[EventRounds "9"]
[EventType "swiss"]
[EventDate "2008.05.10"]

1. e4 c5 2. Nf3 Nc6 3. d4 cxd4 4. Nxd4 g6 5. Nc3 Bg7 6. Be3 e6 7. Bc4 a6 8. O-O
Nge7 9. Qd2 O-O 10. Rad1 Qc7 11. Nb3 Ne5 12. Be2 Nc4 13. Bxc4 Qxc4 14. Bc5 Re8
15. Qe3 Bxc3 16. bxc3 Qa4 17. Bd4 Nc6 18. Bf6 Qxe4 19. Qxe4 1-0

[Event "5. ODEM U25 2008"]
[Site "Willingen GER"]
[Date "2008.05.17"]
[Round "9"]
[White "Voggenreiter, Sara"]
[Black "Pfadenhauer, Tobias"]
[Result "1/2-1/2"]
[Termination "normal"]
[Board "54"]
[WhiteElo "1594"]
[BlackElo "1759"]
[PlyCount "102"]
[WhiteFideId "24615358"]
[BlackFideId "24615455"]
[EventCountry "GER"]
[EventRounds "9"]
[EventType "swiss"]
[EventDate "2008.05.10"]

1. e4 e6 2. Nf3 d5 3. e5 c5 4. Bb5+ Bd7 5. Bxd7+ Nxd7 6. c3 Ne7 7. d4 Nc6 8.
O-O Qb6 9. Re1 Be7 10. Re2 Rc8 11. Be3 cxd4 12. cxd4 Na5 13. Nc3 Nc4 14. Qc1
O-O 15. b3 Na3 16. Qb2 Rc7 17. g3 Rfc8 18. Rc1 Qa5 19. Nb1 Nb8 20. Rxc7 Rxc7
21. Nxa3 Bxa3 22. Qb1 h6 23. Rc2 Na6 24. Rxc7 Qxc7 25. Ne1 Nb4 26. Nd3 Nxd3 27.
Qxd3 Qa5 28. Bd2 Bb4 29. Bxb4 Qxb4 30. Qc2 Qf8 31. Qc7 Qa8 32. Kf1 a5 33. Qb6
Qa6+ 34. Qxa6 bxa6 35. Ke2 Kf8 36. Kd3 Ke7 37. Kc3 Kd7 38. b4 axb4+ 39. Kxb4
Kc6 40. f4 Kb6 41. h4 h5 42. a3 Kc6 43. a4 Kb6 44. a5+ Kc6 45. Ka4 Kc7 46. Kb4
Kc6 47. Ka4 Kd7 48. Kb4 Kc6 49. Ka4 Kc7 50. Kb4 Kd7 51. Kc5 Kc7 1/2-1/2